سیآست آلہیہ ;; siyast Ialahia / (Record no. 85507)
[ view plain ]
| 000 -LEADER | |
|---|---|
| fixed length control field | 00631nam a2200205 4500 |
| 001 - CONTROL NUMBER | |
| control field | 85507) |
| 003 - CONTROL NUMBER IDENTIFIER | |
| rucl marc code | BD-RjUL |
| 005 - DATE AND TIME OF LATEST TRANSACTION | |
| control field | 20250811130701.0 |
| 008 - FIXED-LENGTH DATA ELEMENTS--GENERAL INFORMATION | |
| fixed length control field | 250811s195? pk ||||| |||| 00| 0 urd d |
| 035 ## - SYSTEM CONTROL NUMBER | |
| System control number | (BD-RjUL)85507) |
| 040 ## - CATALOGING SOURCE | |
| Original cataloging agency | BD-RjUL |
| Language of cataloging | eng |
| Transcribing agency | BD-RjUL |
| 041 ## - LANGUAGE CODE | |
| Language code of text/sound track or separate title | urd |
| 082 ## - DEWEY DECIMAL CLASSIFICATION NUMBER | |
| Edition number | 23 |
| Classification number | 297.090212 |
| Author mark and year | TAS 195? |
| 100 ## - MAIN ENTRY--PERSONAL NAME | |
| Personal name | تیمیہ ،امام آبن ;; Taymiyyah, Imam Ibn |
| 9 (RLIN) | 16564 |
| 245 ## - TITLE STATEMENT | |
| Title | سیآست آلہیہ ;; siyast Ialahia / |
| Statement of responsibility, etc. | آمآم آبن تیمیه ;; Ibn Taymiyyah |
| 264 ## - PRODUCTION, PUBLICATION, DISTRIBUTION, MANUFACTURE, AND COPYRIGHT NOTICE | |
| Place of production, publication, distribution, manufacture | Lahore : |
| Name of producer, publisher, distributor, manufacturer | Forugi Urdu, |
| Date of production, publication, distribution, manufacture, or copyright notice | 195? |
| 300 ## - PHYSICAL DESCRIPTION | |
| Pagination | 224 p. ; |
| Size | 18 cm |
| 650 ## - SUBJECT ADDED ENTRY--TOPICAL TERM | |
| Topical term or geographic name as entry element | Islam |
| Form subdivision | Khilafah |
| 9 (RLIN) | 16565 |
| 942 ## - ADDED ENTRY ELEMENTS (KOHA) | |
| Source of classification or shelving scheme | Dewey Decimal Classification |
| Koha item type | Books |
| Lost status | Source of classification or shelving scheme | Damaged status | Not for loan | Collection code | Permanent Location | Current Location | Shelving location | Date acquired | Total Checkouts | Full call number | Date last seen | Copy number | Koha item type |
|---|---|---|---|---|---|---|---|---|---|---|---|---|---|
| Dewey Decimal Classification | Not For Loan | Non-fiction | Central Library, University of Rajshahi | Central Library, University of Rajshahi | Reading Room | 11/08/2025 | U 297.090212 TAS 195? | 11/08/2025 | C-1 | Books |